| 000 | 00819nam a22002057a 4500 | ||
|---|---|---|---|
| 999 |
_c19566 _d19566 |
||
| 003 | AR-CdUCM | ||
| 008 | 190518b ||||| |||| 00| 0 spa d | ||
| 040 |
_aMUNICIPALIDAD PROVINCIAL DEL CUSCO _cBIBLIOTECA MUNICIPAL DEL CUSCO |
||
| 082 |
_a342.716 / _bES93 |
||
| 100 |
_aEstrade Rodoreda, Sebastian _940981 |
||
| 245 | _aEl derecho ante la conquista del espacio / | ||
| 260 |
_aBarcelona : _bEdiciones Ariel, _c1964. |
||
| 300 |
_a171 paginas ; _c24 cm. |
||
| 505 | _aContenido: Generalidades -- El espacio en el derecho internacional y en la concepción moderna -- Necesidades de una codificación general en materia de utilización del espacio -- El derecho espacial... | ||
| 650 |
_aDerecho _9739 |
||
| 650 |
_aConquista _91045 |
||
| 650 |
_aEspacio _920858 |
||
| 942 |
_2ddc _cLIBROS |
||
| 945 |
_apjha _d2019-05-18 |
||